[Event "Australian Junior Championship U16 2017"]
[Site "?"]
[Date "2017.01.22"]
[Round "9.5"]
[White "Harris, Patrick"]
[Black "Bayaca, Sterling"]
[Result "1/2-1/2"]
[WhiteElo "1169"]
[BlackElo "1546"]
[PlyCount "122"]
[EventType "swiss"]
[EventRounds "4"]
[SourceDate "2017.01.16"]

1. e4 b6 2. d4 Bb7 3. Nc3 e6 4. g3 Nf6 5. Bg2 Bb4 6. Bg5 d6 7. Nge2 h6 8. Bxf6
gxf6 9. a3 Bxc3+ 10. Nxc3 f5 11. O-O fxe4 12. Nxe4 d5 13. Nc3 Nd7 14. Re1 Nf6
15. Qd2 Qe7 16. Re5 O-O-O 17. Qf4 Rdg8 18. h3 Rg6 19. Nb5 a6 20. Nc3 Rhg8 21.
Qe3 Qf8 22. Ne2 Nd7 23. Rh5 Nf6 24. Re5 Nd7 25. Rh5 Qg7 26. Re1 Nf6 27. Re5 Nd7
28. Rh5 Nb8 29. Nf4 Rf6 30. Nd3 Nc6 31. Ne5 Ne7 32. Qd2 Nf5 33. Ng4 Rg6 34. Ne5
Rf6 35. Ng4 Rg6 36. Ne5 Rg5 37. Rxg5 hxg5 38. Nf3 g4 39. hxg4 Qxg4 40. Ne5 Qg7
41. Bh3 Nd6 42. Kg2 Ne4 43. Qe3 Kb8 44. Qf4 Ng5 45. Bg4 f5 46. Bf3 Rh8 47. Rh1
Rxh1 48. Kxh1 Qh6+ 49. Qh4 Qg7 50. Kg2 Nxf3 51. Kxf3 c5 52. Qd8+ Bc8 53. Qxb6+
Ka8 54. Qxc5 Bb7 55. Qd6 Qh6 56. Nd7 Qh1+ 57. Ke2 Qe4+ 58. Kf1 Qh1+ 59. Ke2
Qe4+ 60. Kf1 Qh1+ 61. Ke2 Qe4+ 1/2-1/2

[Event "Australian Junior Championship U16 2017"]
[Site "?"]
[Date "2017.01.22"]
[Round "9.6"]
[White "Gooch, Aryn"]
[Black "Chan, Jacob"]
[Result "1-0"]
[WhiteElo "1074"]
[BlackElo "1315"]
[PlyCount "99"]
[EventType "swiss"]
[EventRounds "4"]
[SourceDate "2017.01.16"]

1. e4 c6 2. d4 d5 3. Nc3 dxe4 4. Nxe4 Nf6 5. Nxf6+ gxf6 6. Nf3 Bg4 7. Be2 Nd7
8. Bf4 Qb6 9. b3 Bg7 10. O-O O-O 11. Re1 Rad8 12. Nh4 Bxe2 13. Rxe2 e5 14. Be3
Nc5 15. Nf5 Qc7 16. Rd2 Ne4 17. Qg4 Ng5 18. h4 h6 19. hxg5 fxg5 20. Rad1 Kh7
21. Nxg7 Kxg7 22. dxe5 Rxd2 23. Rxd2 Qa5 24. a4 Re8 25. Rd7 Qc3 26. Qf5 Rf8 27.
Qf6+ Kg8 28. Bd4 Qxc2 29. e6 Qd1+ 30. Kh2 Qh5+ 31. Kg3 Qh4+ 32. Kf3 g4+ 33. Ke2
Qxf6 34. Bxf6 fxe6 35. Rd8 Rxd8 36. Bxd8 Kf7 37. Bh4 Kg6 38. Ke3 Kf5 39. f3 h5
40. fxg4+ hxg4 41. g3 c5 42. Kd3 b6 43. Bd8 Ke5 44. Ke3 Kf5 45. Bc7 e5 46. Bb8
a6 47. Ba7 b5 48. axb5 axb5 49. Bxc5 Ke6 50. Ke4 1-0

[Event "Australian Junior Championship U16 2017"]
[Site "?"]
[Date "2017.01.22"]
[Round "9.7"]
[White "Au, Alexander"]
[Black "Mercado, Rover-Leigh"]
[Result "1-0"]
[WhiteElo "1612"]
[BlackElo "971"]
[PlyCount "137"]
[EventType "swiss"]
[EventRounds "4"]
[SourceDate "2017.01.16"]

1. e4 e5 2. Nf3 Nc6 3. d4 exd4 4. Bc4 Be7 5. O-O Nf6 6. e5 Ng4 7. Re1 d6 8.
exd6 Qxd6 9. Nbd2 O-O 10. Ne4 Qd8 11. Bf4 Be6 12. Bxe6 fxe6 13. Nfg5 Bxg5 14.
Bxg5 Nf6 15. Nxf6+ gxf6 16. Bh6 Rf7 17. Rxe6 Qd7 18. Re1 Qf5 19. Qe2 Ne5 20. f4
Ng6 21. Rad1 Re7 22. Qc4+ Kh8 23. Rxe7 Nxe7 24. Qf7 Qg6 25. Qxe7 Qxh6 26. Qxc7
Rg8 27. Rxd4 Qh4 28. Qc3 Qh6 29. Rd6 Rf8 30. Qd4 Qh4 31. Qf2 Qh6 32. Rd7 Qh5
33. h3 Rg8 34. Kh2 Qb5 35. Qd4 Qc6 36. Qd5 Qxc2 37. Rd8 Qg6 38. Rxg8+ Qxg8 39.
Qxg8+ Kxg8 40. g4 Kf7 41. Kg3 b5 42. f5 a5 43. h4 Kg8 44. Kf4 h6 45. g5 fxg5+
46. hxg5 hxg5+ 47. Kxg5 Kf7 48. f6 b4 49. Kf5 a4 50. Ke5 a3 51. b3 Ke8 52. Kd4
Kf7 53. Kc4 Kxf6 54. Kxb4 Ke6 55. Kxa3 Kd6 56. b4 Kc6 57. Kb3 Kb5 58. a4+ Kb6
59. Kc4 Kc6 60. b5+ Kb6 61. Kb4 Kb7 62. Kc5 Kc7 63. a5 Kb7 64. a6+ Ka7 65. Kc6
Kb8 66. b6 Ka8 67. b7+ Kb8 68. a7+ Kxa7 69. Kc7 1-0

[Event "Australian Junior Championship U16 2017"]
[Site "?"]
[Date "2017.01.22"]
[Round "9.8"]
[White "Sarney, Jim"]
[Black "Salasan, Haran"]
[Result "0-1"]
[WhiteElo "1135"]
[BlackElo "1535"]
[PlyCount "68"]
[EventType "swiss"]
[EventRounds "4"]
[SourceDate "2017.01.16"]

1. e4 e6 2. Qe2 Nc6 3. Nf3 Bc5 4. d3 Nge7 5. Be3 Bxe3 6. Qxe3 d5 7. g3 O-O 8.
Bg2 d4 9. Qe2 e5 10. O-O Bg4 11. Nbd2 Qd7 12. Rfe1 Ng6 13. a3 h5 14. h3 Bxh3
15. Bxh3 Qxh3 16. Ng5 Qg4 17. Qxg4 hxg4 18. Kg2 Rfe8 19. Rh1 Nf8 20. Rh4 f6 21.
Rxg4 fxg5 22. Rxg5 Ne6 23. Rh5 g6 24. Rh6 Kg7 25. Rah1 Rh8 26. Rxh8 Rxh8 27.
Rxh8 Kxh8 28. Kh3 Kg7 29. Kg4 Kf6 30. f4 Nc5 31. Kf3 Na4 32. b3 Nc3 33. Nf1 Nb1
34. a4 Na3 0-1

[Event "Australian Junior Championship U16 2017"]
[Site "?"]
[Date "2017.01.22"]
[Round "9.11"]
[White "Ilka, Alexander"]
[Black "Vagionas, George"]
[Result "1/2-1/2"]
[WhiteElo "617"]
[BlackElo "564"]
[PlyCount "81"]
[EventType "swiss"]
[EventRounds "4"]
[SourceDate "2017.01.16"]

1. e4 c5 2. Nf3 d6 3. Nc3 Nc6 4. Bb5 Bd7 5. d4 cxd4 6. Nxd4 Nxd4 7. Bxd7+ Qxd7
8. Qxd4 Nf6 9. Be3 g6 10. Qd2 Bg7 11. f4 Qe6 12. Nd5 Nxe4 13. Nc7+ Kd7 14. Nxe6
Nxd2 15. Nxg7 Ne4 16. f5 Rhg8 17. Bd4 e5 18. fxe6+ fxe6 19. Rf1 e5 20. Rf7+ Kc6
21. Be3 Raf8 22. Rxf8 Rxf8 23. Ne6 Rf5 24. Bxa7 b6 25. Nd8+ Kc7 26. O-O-O Nc5
27. b4 Na4 28. c4 Kxd8 29. Rxd6+ Kc7 30. c5 Rf2 31. Bxb6+ Nxb6 32. Rxb6 Rxg2
33. a4 Rxh2 34. a5 Ra2 35. b5 Rxa5 36. Re6 Rxb5 37. Rxe5 Kc6 38. Kd2 Rb4 39.
Kc3 Rf4 40. Kd3 h5 41. Re6+ 1/2-1/2